[Event "Scarborough CC-ch"]
[Site "Toronto"]
[Date "2010.03.11"]
[Round "3"]
[White "Moffat, Andrei"]
[Black "Lamb, Bryan"]
[Result "1-0"]
[WhiteElo "2289"]
[BlackElo "2214"]
[PlyCount "61"]
[EventDate "2010.02.25"]
[EventType "tourn"]
[EventRounds "9"]
[EventCountry "CAN"]
[SourceTitle "EXT 2022"]
[Source "ChessBase"]
[SourceDate "2021.10.06"]
[SourceVersion "1"]
[SourceVersionDate "2021.10.06"]
[SourceQuality "1"]

1. e4 c5 2. Nc3 Nc6 3. Bc4 g6 4. d3 Bg7 5. f4 d6 6. Nf3 e6 7. 0-0 Nge7 8. Qe1 Nd4 9. Nxd4 cxd4 10. Ne2 0-0 11. Bb3 Kh8 12. Kh1 f5 13. Bd2 Bd7 14. Bb4 Bc8 15. c3 a5 16. Ba3 b5 17. e5 dxe5 18. fxe5 dxc3 19. bxc3 a4 20. Bc2 Bxe5 21. Nf4 Bd6 22. Bb2 a3 23. Bc1 e5 24. Nh3 Ng8 25. Bb3 Qf6 26. Bg5 Qg7 27. d4 e4 28. Qe2 h6 29. Bf4 Be7 30. Bd5 Rb8 31. Bxb8 1-0

[Event "Toronto Scarborough CC Falling Leaves"]
[Site "Toronto"]
[Date "2009.11.26"]
[Round "4"]
[White "Lamb, Bryan"]
[Black "Al Ganabi, Haqi"]
[Result "1-0"]
[WhiteElo "2222"]
[BlackElo "1915"]
[PlyCount "109"]
[EventDate "2009.11.05"]
[EventType "swiss"]
[EventRounds "7"]
[EventCountry "CAN"]
[SourceTitle "EXT 2011"]
[Source "ChessBase"]
[SourceDate "2010.11.26"]
[SourceVersion "1"]
[SourceVersionDate "2010.11.26"]
[SourceQuality "1"]

1. c4 Nf6 2. Nc3 g6 3. g3 Bg7 4. Bg2 0-0 5. d4 c6 6. e4 d6 7. Nge2 Ne8 8. 0-0 f5 9. Be3 Kh8 10. Qd2 Rg8 11. f4 fxe4 12. Nxe4 Nf6 13. N2c3 Ng4 14. Ng5 Rf8 15. Rfe1 Nxe3 16. Rxe3 Qb6 17. Rxe7 Bxd4+ 18. Kh1 Bg7 19. Nf7+ Kg8 20. Nxd6 Na6 21. Bd5+ cxd5 22. Qxd5+ Be6 23. Qxe6+ Kh8 24. Nf7+ Rxf7 25. Qxf7 Rg8 26. Rae1 Qf2 27. Qd5 Nb4 28. Qg2 Qc5 29. Qxb7 Nd3 30. Rxg7 Rxg7 31. Re8+ Rg8 32. Rxg8+ Kxg8 33. Qd5+ Qxd5+ 34. cxd5 Nxb2 35. Kg2 Kf7 36. Kf3 Nc4 37. Ke4 Ke7 38. Kd4 Nd6 39. Ne4 Nf7 40. Kc5 Kd7 41. Nf6+ Ke7 42. Nxh7 Nd6 43. Ng5 Nf5 44. Ne4 Kd7 45. d6 Ng7 46. Kd5 Nf5 47. Nc5+ Kd8 48. Ke5 Ne3 49. Ke6 Kc8 50. h3 a5 51. g4 a4 52. a3 g5 53. f5 Nc4 54. d7+ Kc7 55. Ke7 1-0

[Event "Toronto Scarborough CC Falling Leaves"]
[Site "Toronto"]
[Date "2009.11.05"]
[Round "1"]
[White "Ugodnikov, Arkadiy"]
[Black "Lamb, Bryan"]
[Result "0-1"]
[WhiteElo "1818"]
[BlackElo "2222"]
[PlyCount "40"]
[EventDate "2009.11.05"]
[EventType "swiss"]
[EventRounds "7"]
[EventCountry "CAN"]
[SourceTitle "EXT 2011"]
[Source "ChessBase"]
[SourceDate "2010.11.26"]
[SourceVersion "1"]
[SourceVersionDate "2010.11.26"]
[SourceQuality "1"]

1. e4 e6 2. d4 d5 3. Nd2 Nf6 4. e5 Nfd7 5. Bd3 c5 6. c3 Nc6 7. Ne2 cxd4 8. cxd4 Qb6 9. Nf3 f6 10. exf6 Nxf6 11. 0-0 Bd6 12. a3 0-0 13. b4 e5 14. dxe5 Nxe5 15. Nxe5 Bxe5 16. Rb1 Ng4 17. Be3 Nxe3 18. fxe3 Qxe3+ 19. Kh1 Rxf1+ 20. Qxf1 Qxd3 0-1

[Event "Toronto Howard Ridout op"]
[Site "Toronto"]
[Date "2009.10.29"]
[Round "8"]
[White "Ugodnikov, Arkadiy"]
[Black "Lamb, Bryan"]
[Result "0-1"]
[WhiteElo "1748"]
[BlackElo "2232"]
[PlyCount "80"]
[EventDate "2009.09.10"]
[EventType "swiss"]
[EventRounds "8"]
[EventCountry "CAN"]
[SourceTitle "EXT 2011"]
[Source "ChessBase"]
[SourceDate "2010.11.26"]
[SourceVersion "1"]
[SourceVersionDate "2010.11.26"]
[SourceQuality "1"]

1. e4 c5 2. Nf3 d6 3. Bb5+ Nc6 4. Bxc6+ bxc6 5. d3 g6 6. h3 Bg7 7. Nc3 Rb8 8. 0-0 Qc7 9. Re1 e5 10. Rb1 Ne7 11. Bg5 0-0 12. Nh2 f5 13. f3 Kh8 14. Ne2 Ng8 15. c3 Be6 16. b3 f4 17. Kh1 h6 18. Bh4 g5 19. Bf2 h5 20. Ng1 Nh6 21. d4 cxd4 22. cxd4 Rg8 23. Rc1 Bf6 24. d5 Bd7 25. dxc6 Be6 26. Rc3 Rg7 27. Rd3 Be7 28. Re2 Rbg8 29. Be1 Rh7 30. Bb4 Nf7 31. Red2 g4 32. Qf1 g3 33. Ne2 Rhg7 34. Ng4 hxg4 35. fxg4 Bxg4 36. Nc3 Qxc6 37. Nd5 Bd8 38. Rc3 Qb7 39. Rcd3 Bxh3 40. Qf3 Bg4 0-1

[Event "Toronto Howard Ridout op"]
[Site "Toronto"]
[Date "2009.10.01"]
[Round "4"]
[White "Douglas, Richard"]
[Black "Lamb, Bryan"]
[Result "0-1"]
[WhiteElo "1859"]
[BlackElo "2232"]
[PlyCount "56"]
[EventDate "2009.09.10"]
[EventType "swiss"]
[EventRounds "8"]
[EventCountry "CAN"]
[SourceTitle "EXT 2011"]
[Source "ChessBase"]
[SourceDate "2010.11.26"]
[SourceVersion "1"]
[SourceVersionDate "2010.11.26"]
[SourceQuality "1"]

1. e4 c5 2. Nc3 Nc6 3. f4 g6 4. Nf3 Bg7 5. Bc4 e6 6. 0-0 Nge7 7. d3 d5 8. Bb5 0-0 9. Bxc6 Nxc6 10. e5 a6 11. h4 f6 12. exf6 Bxf6 13. Qe1 Nd4 14. Nxd4 cxd4 15. Ne2 Bxh4 16. g3 Bf6 17. Qf2 Bg7 18. Nxd4 e5 19. Ne2 g5 20. Qg2 Bg4 21. fxg5 Qb6+ 22. Kh1 Rxf1+ 23. Qxf1 Rf8 24. Qe1 Bf3+ 25. Kh2 Bxe2 26. Qh1 Rf2+ 27. Kh3 Qe6+ 28. g4 Qxg4# 0-1

[Event "Scarborough CC Fall Swiss"]
[Site "Toronto"]
[Date "2008.12.11"]
[Round "7"]
[White "Lamb, Bryan"]
[Black "Casareno, Erwin"]
[Result "0-1"]
[WhiteElo "2183"]
[BlackElo "2214"]
[PlyCount "78"]
[EventDate "2008.10.30"]
[EventType "swiss"]
[EventRounds "8"]
[EventCountry "CAN"]
[SourceTitle "EXT 2011"]
[Source "ChessBase"]
[SourceDate "2010.11.26"]
[SourceVersion "1"]
[SourceVersionDate "2010.11.26"]
[SourceQuality "1"]

1. e4 c5 2. Nc3 e6 3. Nge2 Nc6 4. g3 g6 5. d4 cxd4 6. Nxd4 a6 7. Bg2 Bg7 8. Be3 Nge7 9. Qd2 Qa5 10. Nb3 Qc7 11. Bh6 Bf6 12. Bg5 Bg7 13. 0-0-0 Ne5 14. Rhe1 Nc4 15. Qd3 f6 16. Bf4 Ne5 17. Qd2 g5 18. Bxe5 Qxe5 19. f4 gxf4 20. gxf4 Qc7 21. Bf3 Bh6 22. Bh5+ Kf8 23. Rf1 Ng6 24. e5 Nxe5 25. Qd4 Ke7 26. Qb4+ d6 27. Kb1 Nc6 28. Qe4 Kf8 29. Rg1 Qe7 30. Nd4 d5 31. Nxc6 bxc6 32. Qd3 Bxf4 33. Ne4 Rb8 34. Rg4 e5 35. Rxf4 exf4 36. Nc3 Qe5 37. Bf3 Rb6 38. b3 Bf5 39. Qd2 Qe3 0-1

[Event "Scarborough CC-ch"]
[Site "Toronto"]
[Date "2008.02.28"]
[Round "9"]
[White "Lamb, Bryan"]
[Black "Sherman, Joshua"]
[Result "1-0"]
[WhiteElo "2246"]
[BlackElo "1849"]
[PlyCount "37"]
[EventDate "2008.01.03"]
[EventType "tourn"]
[EventRounds "9"]
[EventCountry "CAN"]
[SourceTitle "EXT 2011"]
[Source "ChessBase"]
[SourceDate "2010.11.26"]
[SourceVersion "1"]
[SourceVersionDate "2010.11.26"]
[SourceQuality "1"]

1. c4 f5 2. g3 Nf6 3. d4 g6 4. Nc3 Bg7 5. Bg2 0-0 6. Nh3 d6 7. d5 c5 8. 0-0 Na6 9. Nf4 Nc7 10. h4 Qe8 11. a4 a6 12. a5 Rb8 13. Na4 Kh8 14. Rb1 Ng4 15. Nb6 Ne5 16. b4 cxb4 17. Rxb4 Qf7 18. Be3 Ng4 19. Bd4 1-0

[Event "Toronto Howard Ridout Swiss"]
[Site "Toronto"]
[Date "2007.10.25"]
[Round "7"]
[White "Lamb, Bryan"]
[Black "Sherman, Joshua"]
[Result "1-0"]
[WhiteElo "2207"]
[BlackElo "1765"]
[PlyCount "48"]
[EventDate "2007.09.13"]
[EventType "swiss"]
[EventRounds "7"]
[EventCountry "CAN"]
[SourceTitle "EXT 2022"]
[Source "ChessBase"]
[SourceDate "2021.10.06"]
[SourceVersion "1"]
[SourceVersionDate "2021.10.06"]
[SourceQuality "1"]

1. c4 d5 2. cxd5 c6 3. dxc6 Nxc6 4. Nc3 e5 5. g3 Bc5 6. Bg2 Nf6 7. d3 0-0 8. Nf3 h6 9. 0-0 Qe7 10. Bd2 a5 11. Qc1 Be6 12. Be3 Bxe3 13. Qxe3 Ng4 14. Qd2 Rfd8 15. Rfc1 f5 16. h3 e4 17. hxg4 exf3 18. gxf5 Bxf5 19. Bxf3 Nd4 20. Bg2 Bg4 21. f3 Qc5 22. Kf1 Nf5 23. Ne4 Qb6 24. Rc5 Ne3+ 1-0

[Event "Toronto Howard Ridout Swiss"]
[Site "Toronto"]
[Date "2007.10.18"]
[Round "6"]
[White "Hall, John2222"]
[Black "Lamb, Bryan"]
[Result "0-1"]
[WhiteElo "2126"]
[BlackElo "2207"]
[PlyCount "100"]
[EventDate "2007.09.13"]
[EventType "swiss"]
[EventRounds "7"]
[EventCountry "CAN"]
[SourceTitle "EXT 2022"]
[Source "ChessBase"]
[SourceDate "2021.10.06"]
[SourceVersion "1"]
[SourceVersionDate "2021.10.06"]
[SourceQuality "1"]

1. b3 d6 2. Bb2 Nd7 3. g3 Ngf6 4. Bg2 g6 5. Nf3 e5 6. d3 Bg7 7. 0-0 0-0 8. c4 c6 9. Nc3 Qe7 10. Nd2 Ne8 11. b4 Nc7 12. b5 c5 13. Nd5 Nxd5 14. Bxd5 Nb6 15. Bg2 Be6 16. a4 Rad8 17. a5 Nc8 18. Qb3 Qd7 19. Ne4 Bh3 20. Nc3 Bxg2 21. Kxg2 Ne7 22. e4 f5 23. f3 h5 24. h3 g5 25. Qc2 Ng6 26. Nd5 Rf7 27. Qe2 Rdf8 28. Rae1 g4 29. fxg4 f4 30. gxh5 Nh4+ 31. gxh4 f3+ 32. Rxf3 Rxf3 33. Qxf3 Rxf3 34. Kxf3 Qxh3+ 35. Kf2 Qh2+ 36. Kf3 Qxb2 37. Rg1 Qd2 38. Ne3 Kf7 39. Rg5 Bh6 40. Rf5+ Kg7 41. Ng4 Qd1+ 42. Kg3 Bf4+ 43. Rxf4 Qg1+ 44. Kf3 Qf1+ 45. Nf2 exf4 46. a6 bxa6 47. bxa6 Qa1 48. Kxf4 Qxa6 49. Ng4 Qc8 50. Kg5 Qd8+ 0-1

[Event "Toronto Howard Ridout Swiss"]
[Site "Toronto"]
[Date "2007.10.04"]
[Round "4"]
[White "Ferreira, Alex"]
[Black "Lamb, Bryan"]
[Result "0-1"]
[WhiteElo "2025"]
[BlackElo "2207"]
[PlyCount "64"]
[EventDate "2007.09.13"]
[EventType "swiss"]
[EventRounds "7"]
[EventCountry "CAN"]
[SourceTitle "EXT 2022"]
[Source "ChessBase"]
[SourceDate "2021.10.06"]
[SourceVersion "1"]
[SourceVersionDate "2021.10.06"]
[SourceQuality "1"]

1. e4 c5 2. Nf3 d6 3. d4 cxd4 4. Nxd4 Nf6 5. Nc3 g6 6. Be2 Bg7 7. Be3 0-0 8. g4 d5 9. e5 Ne4 10. f4 g5 11. Nxe4 dxe4 12. fxg5 Bxe5 13. c3 Nc6 14. Nxc6 bxc6 15. Qa4 Be6 16. Qxe4 Bd5 17. Qxe5 Bxh1 18. Bd4 f6 19. Qe6+ Rf7 20. 0-0-0 Bd5 21. Qe3 Bxa2 22. Bxf6 Qa5 23. Bd4 Bb3 24. Rg1 Qa1+ 25. Kd2 Qxb2+ 26. Ke1 e5 27. g6 hxg6 28. Bxe5 Qb1+ 29. Kd2 Rd8+ 30. Bd3 Rxd3+ 31. Qxd3 Rf2+ 32. Ke3 Rf3+ 0-1

[Event "Scarborough CC Early Summer Swiss"]
[Site "Toronto"]
[Date "2007.05.24"]
[Round "3"]
[White "Lamb, Bryan"]
[Black "Paterson, Jim"]
[Result "1-0"]
[WhiteElo "2204"]
[BlackElo "1858"]
[PlyCount "75"]
[EventDate "2007.05.10"]
[EventType "swiss"]
[EventRounds "8"]
[EventCountry "CAN"]
[SourceTitle "EXT 2022"]
[Source "ChessBase"]
[SourceDate "2021.10.06"]
[SourceVersion "1"]
[SourceVersionDate "2021.10.06"]
[SourceQuality "1"]

1. e4 c6 2. Nc3 d5 3. Nf3 Bg4 4. h3 Bh5 5. Be2 e6 6. 0-0 Bg6 7. exd5 exd5 8. Ne5 Bd6 9. d4 Ne7 10. f4 Nd7 11. Be3 0-0 12. g4 f6 13. Nd3 Qc7 14. Qd2 Nb6 15. b3 Rfe8 16. Rf2 Be4 17. h4 Ng6 18. h5 Nh4 19. Raf1 Qe7 20. Nd1 g6 21. Rh2 g5 22. fxg5 Bxh2+ 23. Kxh2 f5 24. Ne5 Rf8 25. Kg3 Ng2 26. gxf5 Nxe3 27. Qxe3 Nd7 28. f6 Qd6 29. Qf4 Nxe5 30. dxe5 Qc7 31. Ne3 Rae8 32. Ng4 Re6 33. g6 hxg6 34. hxg6 Bxg6 35. Qg5 Qh7 36. Rh1 Qxh1 37. Qxg6+ Kh8 38. Qg7# 1-0

[Event "Scarborough CC Spring Swiss"]
[Site "Toronto"]
[Date "2007.04.26"]
[Round "7"]
[White "Lamb, Bryan"]
[Black "Hall, John2222"]
[Result "0-1"]
[WhiteElo "2204"]
[BlackElo "2084"]
[PlyCount "46"]
[EventDate "2007.03.15"]
[EventType "swiss"]
[EventRounds "8"]
[EventCountry "CAN"]
[SourceTitle "EXT 2022"]
[Source "ChessBase"]
[SourceDate "2021.10.06"]
[SourceVersion "1"]
[SourceVersionDate "2021.10.06"]
[SourceQuality "1"]

1. e4 e5 2. Nf3 Nc6 3. Bb5 a6 4. Ba4 Nf6 5. 0-0 Nxe4 6. d4 exd4 7. Re1 d5 8. Nxd4 Bd6 9. g3 0-0 10. Nxc6 bxc6 11. Bxc6 Bc5 12. Be3 Nxf2 13. Qxd5 Bxe3 14. Rxe3 Nh3+ 15. Kg2 Qf6 16. Rf3 Qxb2 17. Bxa8 Be6 18. Qb7 Qxa1 19. g4 Bxg4 20. Rxh3 Bxh3+ 21. Kxh3 Qxa2 22. Nc3 Qe6+ 23. Kg2 Qe8 0-1

[Event "Scarborough CC-ch"]
[Site "Toronto"]
[Date "2007.01.18"]
[Round "3"]
[White "Moysoski, Randy"]
[Black "Lamb, Bryan"]
[Result "0-1"]
[WhiteElo "2169"]
[BlackElo "1918"]
[PlyCount "74"]
[EventDate "2007.01.04"]
[EventType "tourn"]
[EventRounds "9"]
[EventCountry "CAN"]
[SourceTitle "EXT 2022"]
[Source "ChessBase"]
[SourceDate "2021.10.06"]
[SourceVersion "1"]
[SourceVersionDate "2021.10.06"]
[SourceQuality "1"]

1. e4 c5 2. Nc3 Nc6 3. f4 g6 4. Nf3 Bg7 5. Bc4 d6 6. d3 e6 7. Bb3 Nge7 8. 0-0 0-0 9. Qe1 Nd4 10. Nxd4 cxd4 11. Ne2 b5 12. a4 bxa4 13. Rxa4 Bd7 14. Ra3 Nc6 15. g4 Kh8 16. f5 Ne5 17. Qg3 exf5 18. gxf5 Bf6 19. fxg6 Rg8 20. Nf4 Nxg6 21. Kh1 Ne5 22. Qe1 Bh4 23. Qb4 Qg5 24. Qxd4 Bh3 25. Rg1 Qxg1+ 26. Qxg1 Rxg1+ 27. Kxg1 Rg8+ 28. Kh1 Bg4 29. Kg2 Bf3+ 30. Kf1 Ng4 31. Ng6+ Rxg6 32. Bf4 Rf6 33. h3 Rxf4 34. hxg4 Bxg4+ 35. Kg1 h5 36. Ra5 Bf2+ 37. Kg2 Be3 0-1

[Event "Scarborough CC Late Fall Swiss"]
[Site "Toronto"]
[Date "2006.12.14"]
[Round "7"]
[White "Lamb, Bryan"]
[Black "Hambleton, Aman"]
[Result "1-0"]
[WhiteElo "2169"]
[BlackElo "2120"]
[PlyCount "65"]
[EventDate "2006.11.02"]
[EventType "swiss"]
[EventRounds "8"]
[EventCountry "CAN"]
[SourceTitle "EXT 2022"]
[Source "ChessBase"]
[SourceDate "2021.10.06"]
[SourceVersion "1"]
[SourceVersionDate "2021.10.06"]
[SourceQuality "1"]

1. c4 Nf6 2. g3 e6 3. Nf3 b6 4. Bg2 Bb7 5. 0-0 Be7 6. Nc3 0-0 7. d4 d6 8. Qc2 c5 9. d5 e5 10. Ne1 Nfd7 11. e4 Ba6 12. b3 Bf6 13. Nd3 Re8 14. Bb2 Nf8 15. f4 exf4 16. e5 dxe5 17. d6 e4 18. Nxe4 Bxb2 19. Qxb2 Nbd7 20. Nxf4 Bb7 21. Nh5 Ne6 22. Nef6+ gxf6 23. Bxb7 Rb8 24. Bc6 Nd4 25. Bxd7 Re2 26. Qc3 f5 27. Rad1 Qg5 28. Rxf5 Qh6 29. Rxd4 cxd4 30. Qxd4 Qc1+ 31. Rf1 Qh6 32. Qg4+ Kh8 33. Qxe2 1-0

[Event "Scarborough CC Late Fall Swiss"]
[Site "Toronto"]
[Date "2006.12.07"]
[Round "6"]
[White "Hall, John2222"]
[Black "Lamb, Bryan"]
[Result "0-1"]
[WhiteElo "2057"]
[BlackElo "2169"]
[PlyCount "104"]
[EventDate "2006.11.02"]
[EventType "swiss"]
[EventRounds "8"]
[EventCountry "CAN"]
[SourceTitle "EXT 2022"]
[Source "ChessBase"]
[SourceDate "2021.10.06"]
[SourceVersion "1"]
[SourceVersionDate "2021.10.06"]
[SourceQuality "1"]

1. d4 Nf6 2. c4 e6 3. Nc3 Bb4 4. Nf3 b6 5. Bg5 Bb7 6. e3 h6 7. Bh4 Na6 8. Nd2 0-0 9. e4 g5 10. Bg3 Bxe4 11. h4 Bg6 12. hxg5 hxg5 13. Qf3 d6 14. c5 bxc5 15. Bxa6 cxd4 16. Bb7 dxc3 17. bxc3 g4 18. Qc6 Bc5 19. Bxa8 Qxa8 20. Qxa8 Rxa8 21. Bh4 Nh5 22. Nb3 Bb6 23. Kd2 Kg7 24. f3 g3 25. Bg5 f5 26. Rh4 e5 27. Rah1 f4 28. Rg4 Rh8 29. Be7 Kf7 30. Rhh4 a5 31. Ke2 Rc8 32. Bg5 Be3 33. Nd2 Rb8 34. Nc4 Bc5 35. a4 Rb1 36. Bh6 Rg1 37. Rg5 Rxg2+ 38. Kd1 Rh2 39. Rhg4 Bc2+ 40. Kc1 Bd3 41. Nd2 Be3 42. Kb2 Rxd2+ 43. Kb3 Bc2+ 44. Kc4 c6 45. Rxf4+ Nxf4 46. Rg7+ Kf6 47. Rd7 d5+ 48. Rxd5 Rxd5 49. Bg7+ Kg6 50. Bf8 Nd3 51. Ba3 Nc5 52. Bxc5 Rxc5# 0-1

[Event "Scarborough CC Late Fall Swiss"]
[Site "Toronto"]
[Date "2006.11.02"]
[Round "1"]
[White "Lamb, Bryan"]
[Black "Tursman, Richard"]
[Result "1-0"]
[WhiteElo "2116"]
[BlackElo "1519"]
[PlyCount "71"]
[EventDate "2006.11.02"]
[EventType "swiss"]
[EventRounds "8"]
[EventCountry "CAN"]
[SourceTitle "EXT 2022"]
[Source "ChessBase"]
[SourceDate "2021.10.06"]
[SourceVersion "1"]
[SourceVersionDate "2021.10.06"]
[SourceQuality "1"]

1. c4 c6 2. Nf3 d5 3. b3 Nf6 4. Bb2 Bg4 5. g3 e6 6. Bg2 Bxf3 7. Bxf3 Nbd7 8. d4 Bd6 9. 0-0 0-0 10. Nd2 Re8 11. Bg2 e5 12. cxd5 cxd5 13. dxe5 Bxe5 14. Bxe5 Nxe5 15. Nf3 Nc6 16. e3 Qd7 17. Rc1 Rad8 18. Qc2 Rc8 19. Qb2 h6 20. Rfd1 Qe6 21. Nd4 Qd7 22. Qa3 a6 23. Ne2 Rcd8 24. Rc5 Qe7 25. Qc1 Qe6 26. Nf4 Qc8 27. Nxd5 Nxd5 28. Rcxd5 Rxd5 29. Bxd5 Rd8 30. Qc4 Rd7 31. Rc1 Rc7 32. Qf4 Ne5 33. Rxc7 Qxc7 34. Bxf7+ Qxf7 35. Qxe5 Qd7 36. e4 1-0